000 01056nam a2200229Ia 4500
001 L248-14997
003 IT-CnALBA
008 170116s9999||||xx |||||||||||||| ||und||
040 _aIT-CnALBA
_cIT-CnALBA
041 _aITALIANO
100 _aBARTMANN DR. BERNHARD.
245 0 _aLA NOSTRA FEDE NELLA PROVVIDENZA.
250 _a1a ed.
260 _a BRESCIA
_bGATTI VITTORIO, EDITORE
_c1932 [1° Ed.:1932]
300 _a196 p.
500 _aTRADUZIONE DAL TEDESCO DI GIORGIO PALIN, SACERDOTE. PROVVIDENZA E FEDE. ANTICO TESTAMENTO. GESÙ. SAN PAOLO. I PADRI. LITURGIA. PREGHIERA. FATO. LIBERO ARBITRIO. MALE. DOLORE. VALORI DELLA VITA.
501 _aSocietà San Paolo EM - Piazza San Paolo, 14 - 12051 ALBA (CN) (non commercial uses only) ® Copyright 2017
520 _aTRADUZIONE DAL TEDESCO DI GIORGIO PALIN, SACERDOTE. PROVVIDENZA E FEDE. ANTICO TESTAMENTO. GESÙ. SAN PAOLO. I PADRI. LITURGIA. PREGHIERA. FATO. LIBERO ARBITRIO. MALE. DOLORE. VALORI DELLA VITA.
650 _aASCETICA E MISTICA
942 _cBK
957 _71
999 _a19747
_bSI
_g Copie: 1
_c274166
_d274166